01393nam a2200253 a 450000100100000000500170001000800410002704000250006808200170009310000430011024500970015326000520025030000210030249001000032350502230042359000750064665000250072165000180074670000380076483001070080291000370090995201760094699900170112200003473320260401094258.0111019s1939 pr 000 0 spa d aDO-SdBNPbspacBNPHU a305.8bC834r1 aCosío Villegas, Danield1893-96020010aRaza y racismo /cDaniel Cosío Villegas; versión española de Manuel Martínez Báez. aMexico :bFondo de Cultural Económica,c1939. a170 p. ;c20 cm.1 aSección de Economía, del Fondo de Cultural Económica dirigida por Daniel Cosío Villegas0 tRacismo y antropología --tLa raza y la sangre --tLa raza y la herencia --tEl mito de la raza --tRacismo y política extranjera --tEl racismo y la lucha de clases --tConceptos positivos que se oponen al racismo aPerteneció a la biblioteca personal de Juan Isidro Jimenes Grullón 0aRAZAS HUMANAS926021 0aRacismo9227912aMartínez Báez, Manuel.960201 0aSección de Economía, del Fondo de Cultural Económica dirigida por Daniel Cosío Villegas960202 aValidado. Control de calidad MFF 001050718MOaGRbGRcHDd2011-10-19iLF1l0o305.8 C834rp34733-10r2020-06-25w2020-06-25y1zPerteneció a la biblioteca personal de Julio Ortega FrierZNo se presta c34224d34224